| 000 | 00704nam a2200253 4500 | ||
|---|---|---|---|
| 001 | 13902 | ||
| 003 | BD-RjUL | ||
| 005 | 20211208235532.0 | ||
| 008 | 140203s1961 enka 001 0 eng | ||
| 035 | _a(BD-RjUL)13954 | ||
| 040 |
_aDLC _cDLC _dDLC _dBD-RjUL _beng |
||
| 041 | _aeng | ||
| 082 | 0 | 0 |
_a620 _bWAE 1962 |
| 100 | 1 |
_aWalker, J. D. _943449 |
|
| 245 | 1 | 0 |
_aEngineering science / _cby J. D. Walker. _nVolume II |
| 260 |
_aLondon : _bEnglish Universities Press, _cc1962. |
||
| 300 |
_ax, 197 p. : _billus. ; _c23 cm. |
||
| 490 | 0 | _aThe Technical college series | |
| 504 | _aIncludes index. | ||
| 650 | 0 |
_aEngineering. _943450 |
|
| 942 |
_2ddc _cBK |
||
| 999 |
_c13902 _d13902 |
||